000 00301nam a2200109Ia 4500
008 200302s9999 xx 000 0 und d
100 _aMorris Hicky Morgan
245 _aVitruvius - the Ten Books On Architecture
260 _bDover Publication Inc mineola /New York
260 _c2015
300 _a331 P.,
999 _c4334
_d4334